000 00785nam a2200217 a 4500
001 000044028
005 20201002045113.0
008 140513s1972 sp 000 c spa d
040 _aDO-SdBNP
_bspa
_cBNPHU
041 1 7 _aspa
_heng
082 _axxxx
_bxxxx
100 1 _aAsimov, Isaac,
_d1920-1992.
_913328
240 1 0 _aAsimov's mysteries.
_lEspañol
245 1 0 _aEstoy en Puertomarte sin Hilda y otros cuentos /
_cIsaac Asimov ; traductor Antonio Alférez.
260 _aMadrid :
_bAlianza,
_c1972.
300 _a234 p. ;
_c18 cm.
490 1 _aEl libro de bolsillo
_aliteratura
_v366
500 _aIncluye datos biográficos del autor en la solapa de la contracubierta
700 1 2 _aAlférez, Antonio
_d1942-
_etr.
_972007
830 0 _aEl Libro de bolsillo ;
_pliteratura
_n366
_972008
999 _c43517
_d43517